Reglamento general sobre instalaciones domiciliarias de alcantarillado y agua potable
Guardat en:
| Format: | Llibre |
|---|---|
| Idioma: | espanyol |
| Publicat: |
Santiago
La Nación
1944
|
| Col·lecció: | Publicación, 17
|
| Matèries: | |
| Etiquetes: |
Afegir etiqueta
Sense etiquetes, Sigues el primer a etiquetar aquest registre!
|
MARC
| LEADER | 00000nam a2200000 a 4500 | ||
|---|---|---|---|
| 001 | UCV9040 | ||
| 003 | CL-VaPUC | ||
| 008 | 920424e19440000CL |||||||||||||||||spa|d | ||
| 082 | 0 | 4 | |a 343.092026 |b REG |2 21 |
| 245 | 1 | 0 | |a Reglamento general sobre instalaciones domiciliarias de alcantarillado y agua potable |
| 300 | |a 50 p | ||
| 942 | |c BK | ||
| 945 | |d 19920424 00:00:00 | ||
| 260 | |a Santiago |b La Nación |c 1944 | ||
| 500 | |a Aprobado por Decreto Superemo 1.631 de 28 de abril de 1944 del Ministerio del Interior | ||
| 650 | 0 | |a Instalaciones sanitarias |9 258060 | |
| 650 | 0 | |a Alcantarillado |9 260369 | |
| 650 | 0 | |a Viviendas |x Condiciones sanitarias |9 267510 | |
| 651 | 7 | |a CHILE |2 CL-VaPUC |9 303034 | |
| 583 | |a last modification |c 19920424 00:00:00 |k Rodrigo Vera | ||
| 490 | 0 | |a Publicación, 17 | |
| 999 | |c 214438 |d 214436 | ||
| 952 | |0 0 |1 0 |4 0 |6 343_092026000000000_REG_1944 |7 0 |8 P |9 197789 |a BIBARQ |b BIBARQ |d 2019-11-14 |i 2654458 |o 343.092026 REG 1944 |p 2654458 |r 2025-01-20 |w 2019-11-14 |y BK |k ARQ | ||